[Event "LSS No Engine Cup 74 Preliminary 7"]
[Site "LSS email"]
[Date "2012.10.09"]
[Round "?"]
[White "Dumitriu, Laurentiu"]
[Black "Kraujunas, Vladas"]
[Result "0-1"]
[WhiteElo "757"]
[BlackElo "1397"]
[PlyCount "40"]
[EventDate "2012.10.10"]
[EventType "tourn (corr)"]
[EventRounds "6"]
[EventCountry "GER"]
[SourceTitle "Telechess CBM 163"]
[Source "ChessBase"]
[SourceDate "2014.11.11"]
[SourceVersion "2"]
[SourceVersionDate "2014.11.11"]
[SourceQuality "1"]

1. d4 Nf6 2. c4 g6 3. Nc3 Bg7 4. e4 d6 5. Bg5 0-0 6. Be2 h6 7. Be3 Na6 8. a3 c5 9. d5 Bd7 10. Nf3 Nh5 11. 0-0 Kh7 12. Nh4 e5 13. g3 Nf6 14. Nb5 Nxe4 15. f3 Ng5 16. Bxg5 hxg5 17. Ng2 Qe7 18. a4 f5 19. Ne1 e4 20. fxe4 fxe4 0-1

[Event "CP-2012-P-00008"]
[Site "LSS email"]
[Date "2012.10.01"]
[Round "?"]
[White "Dumitriu, Laurentiu"]
[Black "Bieszk, Stanislaw"]
[Result "0-1"]
[WhiteElo "757"]
[BlackElo "1205"]
[PlyCount "44"]
[EventDate "2012.10.05"]
[EventType "tourn (corr)"]
[EventRounds "6"]
[EventCountry "GER"]
[SourceTitle "Telechess CBM 161"]
[Source "ChessBase"]
[SourceDate "2014.07.16"]
[SourceVersion "1"]
[SourceVersionDate "2014.07.16"]
[SourceQuality "1"]

1. d4 Nf6 2. c4 g6 3. Nc3 d5 4. Bd2 dxc4 5. e4 Qxd4 6. Nf3 Qc5 7. Bd3 cxd3 8. Be3 Qb4 9. 0-0 b6 10. Qxd3 Ba6 11. Qd2 Bxf1 12. Rxf1 Bg7 13. e5 Ng4 14. Bg5 Nc6 15. e6 0-0 16. h3 Rad8 17. Qc1 Nge5 18. Nxe5 Bxe5 19. a3 Qc4 20. Bh6 Bg7 21. exf7+ Rxf7 22. Qe3 Rd3 0-1

[Event "CP-2012-P-00008"]
[Site "LSS email"]
[Date "2012.10.01"]
[Round "?"]
[White "Kapatos, Endre"]
[Black "Dumitriu, Laurentiu"]
[Result "1-0"]
[WhiteElo "1213"]
[BlackElo "757"]
[PlyCount "31"]
[EventDate "2012.10.05"]
[EventType "tourn (corr)"]
[EventRounds "6"]
[EventCountry "GER"]
[SourceTitle "Corr 2015"]
[Source "ChessBase"]
[SourceDate "2015.07.17"]
[SourceVersion "1"]
[SourceVersionDate "2015.07.17"]
[SourceQuality "1"]

1. e4 c5 2. Nf3 Nc6 3. Bb5 d6 4. d4 cxd4 5. Nxd4 Bd7 6. Be3 a6 7. Nxc6 bxc6 8. Bc4 e6 9. Nc3 Be7 10. 0-0 Nf6 11. Bb3 0-0 12. f4 c5 13. g4 Bc6 14. Qe2 Nxe4 15. Nxe4 Bxe4 16. Bxc5 1-0

[Event "OP-2012-0-02423"]
[Site "LSS email"]
[Date "2012.09.26"]
[Round "?"]
[White "Dumitriu, Laurentiu"]
[Black "Bouguern, Abd El Halim"]
[Result "0-1"]
[WhiteElo "757"]
[BlackElo "1464"]
[PlyCount "20"]
[EventDate "2012.09.23"]
[EventType "tourn (corr)"]
[EventRounds "4"]
[EventCountry "GER"]
[SourceTitle "Corr 2015"]
[Source "ChessBase"]
[SourceDate "2015.07.17"]
[SourceVersion "1"]
[SourceVersionDate "2015.07.17"]
[SourceQuality "1"]

1. e4 e5 2. Nf3 Nc6 3. Bc4 Bc5 4. c3 Nf6 5. a4 0-0 6. b4 d5 7. exd5 e4 8. dxc6 exf3 9. Qxf3 Bg4 10. Qd3 Re8+ 0-1

[Event "OP-2012-0-02423"]
[Site "LSS email"]
[Date "2012.09.26"]
[Round "?"]
[White "Lauer, Fredric"]
[Black "Dumitriu, Laurentiu"]
[Result "1-0"]
[WhiteElo "949"]
[BlackElo "757"]
[PlyCount "51"]
[EventDate "2012.09.23"]
[EventType "tourn (corr)"]
[EventRounds "4"]
[EventCountry "GER"]
[SourceTitle "Telechess CBM 165"]
[Source "ChessBase"]
[SourceDate "2015.03.11"]
[SourceVersion "1"]
[SourceVersionDate "2015.03.11"]
[SourceQuality "1"]

1. e4 c5 2. c3 Nc6 3. d4 cxd4 4. cxd4 e6 5. d5 Ne5 6. f4 Ng6 7. d6 Qb6 8. e5 f6 9. Bd3 Nh6 10. Qh5 Qd4 11. Bxg6+ Kd8 12. Bc2 g6 13. Qe2 Nf5 14. Bxf5 gxf5 15. Nc3 b6 16. Nf3 Bb7 17. Nxd4 Bg7 18. exf6 Bxf6 19. Be3 a5 20. Ndb5 Bc6 21. Bxb6+ Kc8 22. Bd4 Bxd4 23. Nxd4 Bb7 24. Qc4+ Bc6 25. Nxc6 dxc6 26. Qxc6+ 1-0

[Event "OP-2012-0-02394"]
[Site "LSS email"]
[Date "2012.09.09"]
[Round "?"]
[White "Dumitriu, Laurentiu"]
[Black "Vontina, Maria"]
[Result "0-1"]
[WhiteElo "757"]
[BlackElo "761"]
[PlyCount "71"]
[EventDate "2012.09.05"]
[EventType "tourn (corr)"]
[EventRounds "4"]
[EventCountry "GER"]
[SourceTitle "Telechess CBM 165"]
[Source "ChessBase"]
[SourceDate "2015.03.11"]
[SourceVersion "1"]
[SourceVersionDate "2015.03.11"]
[SourceQuality "1"]

1. e4 e6 2. c4 d5 3. exd5 exd5 4. b3 Nf6 5. d4 c6 6. Be2 Be7 7. Nf3 0-0 8. 0-0 Bg4 9. Nbd2 Nbd7 10. h3 Bh5 11. cxd5 Nxd5 12. Ne5 Bxe2 13. Qxe2 N7f6 14. Bb2 Bd6 15. f4 Qc7 16. Ndc4 Be7 17. a3 Rfe8 18. b4 Nb6 19. Rad1 Nbd5 20. Ne3 Ne4 21. Nf5 Nd6 22. Qh5 Nf6 23. Qg5 Nxf5 24. Qxf5 Bf8 25. Bc3 Nd5 26. Rf3 g6 27. Qd3 Nxc3 28. Qxc3 Rac8 29. f5 Bg7 30. fxg6 hxg6 31. Rxf7 Qd6 32. Qb3 Kh8 33. Qc2 Bxe5 34. dxe5 Qe6 35. Rdd7 Qf5 36. Rxf5 0-1

[Event "OP-2012-0-02393"]
[Site "LSS email"]
[Date "2012.09.08"]
[Round "?"]
[White "Testa, Italo"]
[Black "Dumitriu, Laurentiu"]
[Result "1-0"]
[WhiteElo "947"]
[BlackElo "942"]
[PlyCount "61"]
[EventDate "2012.09.04"]
[EventType "tourn (corr)"]
[EventRounds "4"]
[EventCountry "GER"]
[SourceTitle "Telechess CBM 165"]
[Source "ChessBase"]
[SourceDate "2015.03.11"]
[SourceVersion "1"]
[SourceVersionDate "2015.03.11"]
[SourceQuality "1"]

1. e4 c5 2. Bc4 e6 3. Nc3 d6 4. a3 a6 5. Nf3 Be7 6. d3 Nf6 7. h3 Nc6 8. 0-0 0-0 9. Nh2 b5 10. Ba2 Nd4 11. f4 Bb7 12. Nf3 Nd7 13. Nxd4 cxd4 14. Ne2 e5 15. f5 d5 16. Ng3 Nc5 17. b4 Na4 18. Bd2 Nc3 19. Bxc3 dxc3 20. Qg4 dxe4 21. dxe4 Qd2 22. f6 Bxf6 23. Rxf6 Kh8 24. Rxf7 Rxf7 25. Bxf7 Rf8 26. Bb3 Qf2+ 27. Kh2 h6 28. Rf1 Qxf1 29. Nxf1 Rxf1 30. Qe6 Bxe4 31. Qg8# 1-0

[Event "ZL-2012-0-01197"]
[Site "LSS email"]
[Date "2012.08.22"]
[Round "?"]
[White "Couspeyre, Thierry"]
[Black "Dumitriu, Laurentiu"]
[Result "1-0"]
[WhiteElo "1196"]
[BlackElo "943"]
[PlyCount "59"]
[EventDate "2012.08.17"]
[EventType "match (corr)"]
[EventRounds "2"]
[EventCountry "GER"]
[SourceTitle "Telechess CBM 153"]
[Source "ChessBase"]
[SourceDate "2013.03.14"]
[SourceVersion "1"]
[SourceVersionDate "2013.03.14"]
[SourceQuality "1"]

1. b4 e5 2. Bb2 e4 3. e3 d5 4. c4 c6 5. Qc2 Nf6 6. cxd5 cxd5 7. Bxf6 Qxf6 8. Qxc8+ Ke7 9. Qxb7+ Nd7 10. Nc3 Qe5 11. Nxd5+ Ke6 12. Nf4+ Kf6 13. Rc1 Bd6 14. Qxd7 Rhd8 15. Qg4 g6 16. Qh4+ Kg7 17. Ngh3 Bxb4 18. Nd3 Bxd2+ 19. Kd1 Bxc1 20. Ng5 h5 21. Nxe4 Rxd3+ 22. Bxd3 Rc8 23. Ke2 Bb2 24. f4 Qd5 25. Bb1 Qc4+ 26. Kf3 Qd5 27. Qe7 Rc6 28. Qb7 Kh6 29. Qxb2 f5 30. Qh8# 1-0

[Event "OP-2012-0-02365"]
[Site "LSS email"]
[Date "2012.08.19"]
[Round "?"]
[White "Dumitriu, Laurentiu"]
[Black "Piorko, Krzysiek"]
[Result "0-1"]
[WhiteElo "757"]
[BlackElo "870"]
[PlyCount "50"]
[EventDate "2012.08.16"]
[EventType "tourn (corr)"]
[EventRounds "4"]
[EventCountry "GER"]
[SourceTitle "Telechess CBM 165"]
[Source "ChessBase"]
[SourceDate "2015.03.11"]
[SourceVersion "1"]
[SourceVersionDate "2015.03.11"]
[SourceQuality "1"]

1. e4 c5 2. Nf3 Nc6 3. d4 cxd4 4. Nxd4 d6 5. h3 e5 6. Nb3 Nf6 7. Nc3 Be7 8. Be3 0-0 9. Be2 Kh8 10. 0-0 Be6 11. Nd5 Nxe4 12. Bf3 f5 13. Bxe4 fxe4 14. c4 Bg5 15. Qh5 Rf5 16. f4 exf4 17. Nxf4 Bxc4 18. Rf2 d5 19. Nd4 Nxd4 20. Bxd4 Rxf4 21. Rxf4 Bxf4 22. b3 Bd3 23. Qg4 Qg5 24. Qxg5 Bxg5 25. Re1 a6 0-1

[Event "ZL-2012-0-01194"]
[Site "LSS email"]
[Date "2012.08.19"]
[Round "?"]
[White "O'Brien, Glenn"]
[Black "Dumitriu, Laurentiu"]
[Result "1-0"]
[WhiteElo "1329"]
[BlackElo "943"]
[PlyCount "45"]
[EventDate "2012.08.12"]
[EventType "match (corr)"]
[EventRounds "2"]
[EventCountry "GER"]
[SourceTitle "Telechess CBM 153"]
[Source "ChessBase"]
[SourceDate "2013.03.14"]
[SourceVersion "1"]
[SourceVersionDate "2013.03.14"]
[SourceQuality "1"]

1. e4 c5 2. Nf3 d6 3. d4 cxd4 4. Nxd4 e5 5. Bb5+ Bd7 6. Bxd7+ Nxd7 7. Nf5 Nc5 8. Nc3 g6 9. Ne3 Nf6 10. f3 Bg7 11. 0-0 0-0 12. Kh1 Qb6 13. Ned5 Nxd5 14. Nxd5 Qd8 15. Be3 b6 16. Qd2 Qe8 17. Nc7 Qd7 18. Nxa8 Rxa8 19. Bxc5 bxc5 20. b4 cxb4 21. Rfd1 Rc8 22. Qxb4 Rc5 23. Qxc5 1-0

[Event "OP-2012-0-02363"]
[Site "LSS email"]
[Date "2012.08.18"]
[Round "?"]
[White "Dumitriu, Laurentiu"]
[Black "Cardoso do Espirito Santo, Rubens"]
[Result "0-1"]
[WhiteElo "757"]
[BlackElo "1855"]
[PlyCount "68"]
[EventDate "2012.08.15"]
[EventType "tourn (corr)"]
[EventRounds "4"]
[EventCountry "GER"]
[SourceTitle "Telechess CBM 161"]
[Source "ChessBase"]
[SourceDate "2014.07.16"]
[SourceVersion "1"]
[SourceVersionDate "2014.07.16"]
[SourceQuality "1"]

1. d4 Nf6 2. c4 g6 3. Nc3 d5 4. e3 Bg7 5. Nf3 0-0 6. cxd5 Nxd5 7. Bc4 Nxc3 8. bxc3 e6 9. 0-0 c6 10. Ba3 Re8 11. e4 b6 12. Nd2 c5 13. Bb2 cxd4 14. cxd4 Bxd4 15. Nf3 Bxb2 16. Rb1 Qxd1 17. Rfxd1 Bg7 18. Bb5 Rf8 19. Nd4 Bb7 20. f3 Rd8 21. Ne2 Nc6 22. f4 Nd4 23. Nxd4 Rxd4 24. e5 Rxf4 25. Rd7 Bd5 26. Rc1 Bxe5 27. h3 Bd4+ 28. Kh1 Rf2 29. Rd1 Bxg2+ 30. Kg1 Bc5 31. Rd8+ Rxd8 32. Rxd8+ Kg7 33. Ra8 Rxa2+ 34. Kh2 Bxa8+ 0-1

[Event "OP-2012-0-02364"]
[Site "LSS email"]
[Date "2012.08.18"]
[Round "?"]
[White "Dumitriu, Laurentiu"]
[Black "Kovacs, Arthur"]
[Result "0-1"]
[WhiteElo "942"]
[BlackElo "2476"]
[PlyCount "56"]
[EventDate "2012.08.16"]
[EventType "tourn (corr)"]
[EventRounds "4"]
[EventCountry "GER"]
[SourceTitle "Telechess CBM 165"]
[Source "ChessBase"]
[SourceDate "2015.03.11"]
[SourceVersion "1"]
[SourceVersionDate "2015.03.11"]
[SourceQuality "1"]

1. d4 Nf6 2. c4 e6 3. Nc3 d5 4. e3 Be7 5. b3 0-0 6. Bd3 c5 7. Nf3 cxd4 8. Nxd4 e5 9. Nde2 dxc4 10. Bxc4 Qxd1+ 11. Nxd1 a6 12. 0-0 b5 13. Bd3 Rd8 14. Bc2 Nc6 15. Bb2 Rd2 16. Be4 Nxe4 17. Ng3 Nxg3 18. hxg3 Bb7 19. Bc3 Rc2 20. Bb2 Rd8 21. Rb1 f6 22. f3 Bc5 23. Kh2 Rdd2 24. Rg1 Nb4 25. Nc3 Bxe3 26. Rge1 Rxg2+ 27. Kh3 Rh2+ 28. Kg4 Bc8# 0-1

[Event "OP-2012-0-02365"]
[Site "LSS email"]
[Date "2012.08.18"]
[Round "?"]
[White "Klawitter, Bernd"]
[Black "Dumitriu, Laurentiu"]
[Result "1/2-1/2"]
[WhiteElo "887"]
[BlackElo "757"]
[PlyCount "75"]
[EventDate "2012.08.16"]
[EventType "tourn (corr)"]
[EventRounds "4"]
[EventCountry "GER"]
[SourceTitle "Telechess CBM 165"]
[Source "ChessBase"]
[SourceDate "2015.03.11"]
[SourceVersion "1"]
[SourceVersionDate "2015.03.11"]
[SourceQuality "1"]

1. e4 e5 2. Nf3 Nc6 3. Bb5 d6 4. d4 exd4 5. Bxc6+ bxc6 6. Nxd4 c5 7. Ne2 Be7 8. Ng3 Nf6 9. 0-0 0-0 10. Bg5 h6 11. Bxf6 Bxf6 12. c3 Be5 13. Nd2 f5 14. exf5 Bxg3 15. fxg3 Bxf5 16. Nf3 Qd7 17. Qd2 Rae8 18. Nh4 Be4 19. Rxf8+ Rxf8 20. Rf1 d5 21. Rxf8+ Kxf8 22. Qf2+ Kg8 23. Qxc5 c6 24. h3 Qb7 25. Qd6 Qxb2 26. Qe6+ Kh7 27. Qf7 Qc1+ 28. Kh2 Qxc3 29. Qxa7 h5 30. Qc7 Kh6 31. Qf4+ Kh7 32. Qf7 d4 33. a4 d3 34. Qxh5+ Kg8 35. Qe8+ Kh7 36. Qh5+ Kg8 37. Qe8+ Kh7 38. Qh5+ 1/2-1/2

[Event "OP-2012-0-02363"]
[Site "LSS email"]
[Date "2012.08.18"]
[Round "?"]
[White "Vontina, Maria"]
[Black "Dumitriu, Laurentiu"]
[Result "0-1"]
[WhiteElo "772"]
[BlackElo "757"]
[PlyCount "56"]
[EventDate "2012.08.15"]
[EventType "tourn (corr)"]
[EventRounds "4"]
[EventCountry "GER"]
[SourceTitle "Telechess CBM 161"]
[Source "ChessBase"]
[SourceDate "2014.07.16"]
[SourceVersion "1"]
[SourceVersionDate "2014.07.16"]
[SourceQuality "1"]

1. e4 c5 2. Nf3 Nc6 3. d4 cxd4 4. Nxd4 e6 5. Nc3 Bc5 6. Be3 Bb6 7. Nxc6 bxc6 8. Bxb6 axb6 9. Be2 Qc7 10. 0-0 Nf6 11. f3 d5 12. exd5 cxd5 13. Nb5 Qc5+ 14. Kh1 Ba6 15. a4 0-0 16. Qd2 Rad8 17. c3 Bxb5 18. Bxb5 d4 19. cxd4 Rxd4 20. Qc1 Qh5 21. Qe3 Rh4 22. h3 Nd5 23. Qf2 Nf4 24. Qe3 Rxh3+ 25. Kg1 Rh1+ 26. Kf2 Qh4+ 27. g3 Qh2+ 28. Ke1 Ng2+ 0-1

[Event "ZL-2012-0-01192"]
[Site "LSS email"]
[Date "2012.08.15"]
[Round "?"]
[White "Dumitriu, Laurentiu"]
[Black "Lauer, Fredric"]
[Result "0-1"]
[WhiteElo "943"]
[BlackElo "1033"]
[PlyCount "66"]
[EventDate "2012.08.10"]
[EventType "match (corr)"]
[EventRounds "2"]
[EventCountry "GER"]
[SourceTitle "Telechess CBM 153"]
[Source "ChessBase"]
[SourceDate "2013.03.14"]
[SourceVersion "1"]
[SourceVersionDate "2013.03.14"]
[SourceQuality "1"]

1. e4 d5 2. exd5 Qxd5 3. Nc3 Qd6 4. Be2 Nf6 5. Nf3 a6 6. d3 Nc6 7. 0-0 Bg4 8. h3 Bh5 9. Be3 0-0-0 10. Na4 Ne5 11. Bc5 Nxf3+ 12. Bxf3 Bxf3 13. Qxf3 Qd5 14. Qe3 e6 15. Ba3 Bxa3 16. bxa3 Kb8 17. Rab1 Nd7 18. Rxb7+ Qxb7 19. Nc3 Kc8 20. Rb1 Qa8 21. Ne4 h6 22. Qf3 Qd5 23. c4 Ne5 24. Qg3 Qxd3 25. Qxd3 Rxd3 26. Nc5 Rxa3 27. Rb7 Rxa2 28. Ra7 Nd7 29. Ra8+ Nb8 30. Kh2 Ra5 31. Nb3 Re5 32. c5 Kb7 33. Rxb8+ Kxb8 0-1

[Event "OP-2012-0-02347"]
[Site "LSS email"]
[Date "2012.08.10"]
[Round "?"]
[White "Dumitriu, Laurentiu"]
[Black "Venturas, Bob"]
[Result "1-0"]
[WhiteElo "942"]
[BlackElo "730"]
[PlyCount "75"]
[EventDate "2012.08.07"]
[EventType "tourn (corr)"]
[EventRounds "4"]
[EventCountry "GER"]
[SourceTitle "Telechess CBM 165"]
[Source "ChessBase"]
[SourceDate "2015.03.11"]
[SourceVersion "1"]
[SourceVersionDate "2015.03.11"]
[SourceQuality "1"]

1. e4 e5 2. Nf3 Nc6 3. c4 Bc5 4. a3 Nf6 5. b4 Bd4 6. Nxd4 Nxd4 7. d3 d6 8. Bb2 c5 9. g3 0-0 10. Bg2 Kh8 11. 0-0 Bg4 12. f3 Bd7 13. Nc3 Ng8 14. Nd5 f5 15. f4 fxe4 16. dxe4 b6 17. f5 Be8 18. Bxd4 cxd4 19. Rf2 Nf6 20. Nxf6 Qxf6 21. c5 dxc5 22. bxc5 bxc5 23. Qc2 Qd6 24. Rb1 a6 25. Rb7 Bb5 26. Qb3 c4 27. Qb2 c3 28. Qb3 Rfc8 29. Qf7 Rg8 30. f6 Qf8 31. fxg7+ Qxg7 32. Qd5 Qg5 33. Rff7 Qc1+ 34. Bf1 Rxg3+ 35. hxg3 Qe3+ 36. Kg2 Bxf1+ 37. Rxf1 Rg8 38. Qxe5+ 1-0

[Event "SF-2012-0-00159"]
[Site "LSS email"]
[Date "2012.08.07"]
[Round "?"]
[White "Dumitriu, Laurentiu"]
[Black "Evtyugin, Yury Alekseevich"]
[Result "0-1"]
[WhiteElo "757"]
[BlackElo "886"]
[PlyCount "96"]
[EventDate "2012.07.14"]
[EventType "tourn (corr)"]
[EventRounds "6"]
[EventCountry "GER"]
[SourceTitle "Telechess CBM 165"]
[Source "ChessBase"]
[SourceDate "2015.03.11"]
[SourceVersion "1"]
[SourceVersionDate "2015.03.11"]
[SourceQuality "1"]

1. e4 d6 2. c4 c5 3. d4 cxd4 4. Qxd4 e5 5. Qd1 Nc6 6. Nf3 Nf6 7. Nc3 Be7 8. Be2 h6 9. 0-0 a6 10. h3 Be6 11. Be3 0-0 12. Ne1 Na5 13. b3 Nc6 14. Na4 Nxe4 15. Bb6 Qd7 16. Be3 Bd8 17. c5 d5 18. Nb6 Bxb6 19. cxb6 Nc3 20. Qd3 Nxe2+ 21. Qxe2 d4 22. Bc1 f5 23. Nd3 Qd5 24. Ba3 Rfe8 25. Rac1 Kh7 26. Rc5 Qd7 27. Nxe5 Nxe5 28. Rxe5 Bf7 29. Re1 Rxe5 30. Qxe5 Re8 31. Be7 d3 32. Qe3 d2 33. Rd1 Rxe7 34. Qxd2 Qxd2 35. Rxd2 Be8 36. a4 Bc6 37. a5 Rd7 38. Rb2 g5 39. f3 Kg6 40. b4 Rd4 41. Kf2 g4 42. hxg4 fxg4 43. fxg4 Rxg4 44. g3 h5 45. Rb3 h4 46. gxh4 Rxh4 47. Kg3 Kg5 48. Rb1 Rg4+ 0-1

[Event "SF-2012-0-00159"]
[Site "LSS email"]
[Date "2012.08.07"]
[Round "?"]
[White "Lewis, Jerome A"]
[Black "Dumitriu, Laurentiu"]
[Result "1-0"]
[WhiteElo "1128"]
[BlackElo "757"]
[PlyCount "43"]
[EventDate "2012.07.14"]
[EventType "tourn (corr)"]
[EventRounds "6"]
[EventCountry "GER"]
[SourceTitle "Telechess CBM 165"]
[Source "ChessBase"]
[SourceDate "2015.03.11"]
[SourceVersion "1"]
[SourceVersionDate "2015.03.11"]
[SourceQuality "1"]

1. d4 d5 2. c4 e6 3. Nc3 Be7 4. Nf3 Nf6 5. Bg5 0-0 6. e3 h6 7. Bh4 a6 8. a4 Nbd7 9. cxd5 exd5 10. Bd3 b6 11. 0-0 c5 12. Bc2 Bb7 13. Ne5 Nxe5 14. dxe5 Nh5 15. Bxe7 Qxe7 16. Qxh5 d4 17. exd4 cxd4 18. Ne4 Rac8 19. Bd3 f6 20. Nd6 Rc5 21. Qg6 Rf7 22. Qh7+ 1-0

[Event "SF-2012-0-00158"]
[Site "LSS email"]
[Date "2012.08.04"]
[Round "?"]
[White "Dumitriu, Laurentiu"]
[Black "Cook, Paul"]
[Result "0-1"]
[WhiteElo "757"]
[BlackElo "991"]
[PlyCount "38"]
[EventDate "2012.07.02"]
[EventType "tourn (corr)"]
[EventRounds "6"]
[EventCountry "GER"]
[SourceTitle "Corr 2015"]
[Source "ChessBase"]
[SourceDate "2015.07.17"]
[SourceVersion "1"]
[SourceVersionDate "2015.07.17"]
[SourceQuality "1"]

1. e4 c5 2. Nf3 d6 3. d4 cxd4 4. Nxd4 Nf6 5. Nc3 Nc6 6. h3 e6 7. f4 d5 8. e5 Ne4 9. Nxe4 dxe4 10. Bb5 Bd7 11. 0-0 Nxd4 12. Bxd7+ Qxd7 13. Qg4 0-0-0 14. Be3 h5 15. Qd1 Bc5 16. c3 Nf3+ 17. gxf3 Bxe3+ 18. Kg2 Qb5 19. Qc2 Rd2+ 0-1

[Event "OP-2012-0-02337"]
[Site "LSS email"]
[Date "2012.08.04"]
[Round "?"]
[White "Dumitriu, Laurentiu"]
[Black "Zalascek, Vlado"]
[Result "0-1"]
[WhiteElo "943"]
[BlackElo "1769"]
[PlyCount "58"]
[EventDate "2012.07.31"]
[EventType "tourn (corr)"]
[EventRounds "4"]
[EventCountry "GER"]
[SourceTitle "Telechess CBM 153"]
[Source "ChessBase"]
[SourceDate "2013.03.14"]
[SourceVersion "1"]
[SourceVersionDate "2013.03.14"]
[SourceQuality "1"]

1. e4 e5 2. Nf3 Nc6 3. Bc4 Nf6 4. c3 Bc5 5. b4 Bb6 6. Bb3 Nxe4 7. 0-0 0-0 8. d3 Nf6 9. a4 a6 10. Nbd2 d5 11. a5 Ba7 12. Bb2 e4 13. dxe4 dxe4 14. Ne1 e3 15. fxe3 Bxe3+ 16. Kh1 Bxd2 17. Nf3 Bh6 18. Nd4 Nxd4 19. cxd4 Qd6 20. d5 Ng4 21. g3 Ne3 22. Qd4 Nxf1 23. Rxf1 Bh3 24. Rd1 Rfe8 25. Bc2 Re2 26. Qd3 Bg2+ 27. Kg1 Be3+ 28. Qxe3 Rxe3 29. Kxg2 Re2+ 0-1

[Event "OP-2012-0-02335"]
[Site "LSS email"]
[Date "2012.08.03"]
[Round "?"]
[White "Garcia, Javier N"]
[Black "Dumitriu, Laurentiu"]
[Result "0-1"]
[WhiteElo "777"]
[BlackElo "943"]
[PlyCount "88"]
[EventDate "2012.07.31"]
[EventType "tourn (corr)"]
[EventRounds "4"]
[EventCountry "GER"]
[SourceTitle "Telechess CBM 153"]
[Source "ChessBase"]
[SourceDate "2013.03.14"]
[SourceVersion "1"]
[SourceVersionDate "2013.03.14"]
[SourceQuality "1"]

1. d4 d5 2. c4 e6 3. Nf3 Be7 4. Nc3 Nf6 5. cxd5 exd5 6. Bg5 h6 7. Bh4 Bf5 8. e3 Nc6 9. Bb5 0-0 10. Bxc6 bxc6 11. Ne5 Qe8 12. Qa4 Bd7 13. Nxd7 Qxd7 14. 0-0 g5 15. Bg3 Nh5 16. Be5 f6 17. Bg3 Nxg3 18. fxg3 Rab8 19. b3 Bb4 20. Rac1 Qe7 21. Qxa7 Qxe3+ 22. Kh1 Bxc3 23. Qxc7 Ra8 24. Qxc6 Bxd4 25. Rce1 Qd3 26. Qxd5+ Kg7 27. Re7+ Kg6 28. Qe4+ Qxe4 29. Rxe4 Be5 30. a4 Rfb8 31. Rb1 Rb6 32. Rc4 Rd8 33. a5 Rb5 34. b4 Rd2 35. a6 Rd6 36. a7 Rd8 37. Rcc1 Ra8 38. Rc5 Rxc5 39. bxc5 Rxa7 40. c6 Ra2 41. h4 Rc2 42. hxg5 hxg5 43. Kh2 Rxc6 44. Rd1 Rc3 0-1

[Event "OP-2012-0-02335"]
[Site "LSS email"]
[Date "2012.08.03"]
[Round "?"]
[White "Hickl, Norbert"]
[Black "Dumitriu, Laurentiu"]
[Result "0-1"]
[WhiteElo "1101"]
[BlackElo "943"]
[PlyCount "82"]
[EventDate "2012.07.31"]
[EventType "tourn (corr)"]
[EventRounds "4"]
[EventCountry "GER"]
[SourceTitle "Telechess CBM 153"]
[Source "ChessBase"]
[SourceDate "2013.03.14"]
[SourceVersion "1"]
[SourceVersionDate "2013.03.14"]
[SourceQuality "1"]

1. c4 c5 2. g3 e6 3. Bg2 Be7 4. Nf3 d6 5. 0-0 Nc6 6. Nc3 Nf6 7. Rb1 0-0 8. a3 d5 9. d3 d4 10. Na2 e5 11. b4 a6 12. b5 Na5 13. Bd2 e4 14. Nh4 e3 15. fxe3 Ng4 16. Nf5 dxe3 17. Nxe7+ Qxe7 18. Bxa5 Nf2 19. Rxf2 exf2+ 20. Kxf2 f5 21. bxa6 Rxa6 22. Qd2 b6 23. Rxb6 Rxb6 24. Bxb6 Qd6 25. Bd5+ Be6 26. Bxe6+ Qxe6 27. Bxc5 Rf7 28. Qf4 Rb7 29. Nb4 Qc8 30. Qe5 Rc7 31. Qd5+ Kh8 32. Bb6 Rd7 33. Qxf5 Qe8 34. Ke1 Rf7 35. Qh3 h6 36. Kd2 Qe5 37. d4 Qg5+ 38. e3 Rf2+ 39. Kd3 Qg6+ 40. Kc3 Qxb6 41. Qe6 Qxe6 0-1